000 00868nam a22002417a 4500
999 _c3844
_d3844
003 AR-CdUCM
008 190307b ||||| |||| 00| 0 spa d
040 _aMUNICIPALIDAD PROVINCIAL DEL CUSCO
_cBIBLIOTECA MUNICIPAL DEL CUSCO
082 _a348.41974 /
_bR81
100 _aRomero Espinosa, Emilio
_912360
245 _aLa Reforma Agraria en Mexico /
260 _aMexico :
_bLibros de Mexico,
_c1963.
300 _a161 paginas ;
_c20.5cm.
500 _aCuadernos Americanos
505 _aContenido: Reforma agraria -- planes políticos de la revolución -- legisladores de la reforma agraria -- Panorama general -- Salarios rurales...
650 _aPoliticos
_931
650 _aReforma Agraria
_91861
650 _aRevolución
_9844
650 _aLiteratura Informativa
_912361
700 _aSilva Herzog, Jesús
_95012
942 _2ddc
_cLIBROS
945 _apjha